000 nam a22 a 4500
999 _c4308
_d4308
003 AKMAL
005 20170526162128.0
008 170526t1996 cc g 001 0 eng d
020 _a0717297500 (hbk.)
040 _aAKMAL
082 0 4 _a651.7 BEN
_222
090 0 0 _a651.7
_bBEN
100 1 _aBennie, Michael
_98394
245 1 0 _aMastering business English :
_bhow to improve your business communication skills /
_c[Michael Bennie]
250 _aDeluxe Ed.
260 _aHong Kong :
_bGrolier Intl.Inc.,
_cc1996
300 _a208p. ;
_c24cm.
490 1 _aGrolier business library
504 _aIncludes bibliographical references and index
650 1 0 _aProject management
_91096
650 1 0 _aBusiness communication
_91235
650 2 0 _aEnglish language
_xBusiness English
_98395
830 0 _aGrolier business library
_98353
942 _2ddc
_cBOOK
950 _lAKMAL